000
00211 a2200109 4500
020
_a
9781405465120
041
_a
spa
100
_a
Gaby Goldsack
245
_a
Mi Padre es Fantastico
942
_c
BK
952
_7
1
999
_c
22809
_d
22809